Az etikus biztosítási koncepció és annak hatása a magyar piacra

Bibliográfiai részletek
Szerző: Ribényi Gergő
További közreműködők: Győri Dr. Zsuzsanna
Thaly Péter
Dokumentumtípus: Diplomadolgozat
Kulcsszavak:etikus
Biztosítás
Koncepció
Online Access:http://dolgozattar.uni-bge.hu/21996

MARC

LEADER 00000nta a2200000 i 4500
001 dolg21996
005 20190515150552.0
008 190515suuuu hu om 000 hun d
040 |a BGE Dolgozattár Repozitórium  |b hun 
041 |a hu 
100 1 |a Ribényi Gergő 
245 1 3 |a Az etikus biztosítási koncepció és annak hatása a magyar piacra  |c Ribényi Gergő  |h [elektronikus dokumentum] 
695 |a etikus 
695 |a Biztosítás 
695 |a Koncepció 
700 1 |a Győri Dr. Zsuzsanna  |e ths 
700 1 |a Thaly Péter  |e ths 
856 4 0 |u http://dolgozattar.uni-bge.hu/21996/1/V%C3%A9gleges%20szakdolgozat.pdf  |z Dokumentum-elérés